000 01128nab a2200289 u 4500
001 17156
003 HDC
007 cr bn ---aaaaa
008 210223c |r|noo 0 a d
040 _aHDC
100 _aGoh, De No,
_eauthor
_916507
245 0 _aEyes on Brunei as halal food hub in Eaga /
_cby Goh De No
260 _aBrunei :
_bBrunei Times PLC,
_c2010
336 _atext
_2rdacontent
337 _acomputer
_2rdamedia
338 _aonline resource
_2rdacarrier
650 _aBimp-Eaga Business Council (BEBC)
_918129
650 _aGerman Technical Corporation (GTZ),
_919532
650 _aHalal food industry
_zBrunei
_91589
650 _aHalal hub
_92262
710 _aThe Brunei Times
856 _zRequest full-text at [email protected]
856 _zRequest full-text at [email protected]
942 _2lcc
942 _cNEWS
942 _kNWSO 009317
999 _c14472
_d14472